[Event "SLO-ch U14"]
[Site "Rogaska Slatina"]
[Date "2009.02.26"]
[Round "7"]
[White "Abe, Blaz"]
[Black "Oklescen, Grega"]
[Result "1-0"]
[WhiteElo "1633"]
[BlackElo "1590"]
[PlyCount "77"]
[EventDate "2009.02.22"]
[EventType "swiss"]
[EventRounds "9"]
[EventCountry "SLO"]
[SourceTitle "CBM 129 Extra"]
[Source "ChessBase"]
[SourceDate "2009.05.05"]
[SourceVersion "2"]
[SourceVersionDate "2009.05.20"]
[SourceQuality "1"]

1. d4 d5 2. c4 e6 3. Nc3 Nf6 4. Bg5 Nbd7 5. Nf3 c6 6. e3 Be7 7. Bd3 h6 8. Bh4 0-0 9. 0-0 Re8 10. Rc1 b6 11. Bxf6 Nxf6 12. Ne5 Bb7 13. Qa4 c5 14. cxd5 Nxd5 15. Bb5 Rf8 16. Nd7 a6 17. Nxf8 axb5 18. Qxb5 Ba6 19. Qc6 Nxc3 20. bxc3 Bxf8 21. Rfd1 Be2 22. Rd2 Rc8 23. Qa4 b5 24. Qc2 cxd4 25. Rxd4 Qa5 26. Qxe2 b4 27. Rc4 Qa6 28. cxb4 g6 29. Qc2 Rd8 30. h3 Rd5 31. a4 Qb7 32. b5 Rg5 33. Rg4 Rf5 34. Qc6 Qe7 35. b6 Qf6 36. b7 Qb2 37. Rf4 Rd5 38. Qc7 Qg7 39. b8Q 1-0

[Event "SLO-chT2 West"]
[Site "Kranj"]
[Date "2008.10.18"]
[Round "6.5"]
[White "Jencek, Darko"]
[Black "Oklescen, Grega"]
[Result "0-1"]
[WhiteElo "1773"]
[BlackElo "1572"]
[PlyCount "112"]
[EventDate "2008.10.11"]
[EventType "team-swiss"]
[EventRounds "9"]
[EventCountry "SLO"]
[SourceTitle "EXT 2010"]
[Source "ChessBase"]
[SourceDate "2010.11.25"]
[SourceVersion "1"]
[SourceVersionDate "2010.11.25"]
[SourceQuality "1"]
[WhiteTeam "Postojna"]
[BlackTeam "Krka Novo Mesto"]
[WhiteTeamCountry "SLO"]
[BlackTeamCountry "SLO"]

1. e4 c5 2. Nf3 d6 3. d4 cxd4 4. Nxd4 Nf6 5. Nc3 Nc6 6. Bb5 Bd7 7. 0-0 g6 8. h3 Bg7 9. Be3 0-0 10. a3 a6 11. Be2 Rc8 12. Qd2 b5 13. Rfe1 Qc7 14. Rac1 Rfd8 15. f3 Be8 16. Nd5 Nxd5 17. exd5 Nxd4 18. Bxd4 Bxd4+ 19. Qxd4 Qc5 20. Red1 f6 21. c4 Qxd4+ 22. Rxd4 Rc7 23. Rc3 Rdc8 24. Kf2 Kf7 25. b3 a5 26. Re3 bxc4 27. Bxc4 a4 28. Rde4 axb3 29. Bxb3 f5 30. Rb4 Rc3 31. Rxc3 Rxc3 32. a4 Rc5 33. g4 fxg4 34. hxg4 Bd7 35. Rb7 Ke8 36. Rb8+ Bc8 37. Rb5 Rxb5 38. axb5 Kd8 39. Ke3 h5 40. gxh5 gxh5 41. Kf2 h4 42. Kg2 Kc7 43. Bc2 Kb6 44. f4 Kxb5 45. f5 Kc5 46. Kh3 Kxd5 47. Kxh4 Ke5 48. Kg5 d5 49. Bb1 d4 50. Bd3 Bd7 51. Kg4 Bc6 52. Kg5 Be4 53. Be2 d3 54. Bg4 d2 55. Bd1 Bxf5 56. Kh4 Kf4 0-1

[Event "SLO-chT2 West"]
[Site "Kranj"]
[Date "2008.10.12"]
[Round "3.6"]
[White "Turkovic, Igor"]
[Black "Oklescen, Grega"]
[Result "1-0"]
[WhiteElo "1852"]
[BlackElo "1572"]
[PlyCount "87"]
[EventDate "2008.10.11"]
[EventType "team-swiss"]
[EventRounds "9"]
[EventCountry "SLO"]
[SourceTitle "EXT 2010"]
[Source "ChessBase"]
[SourceDate "2010.11.25"]
[SourceVersion "1"]
[SourceVersionDate "2010.11.25"]
[SourceQuality "1"]
[WhiteTeam "Stari Trg ob Kolpi"]
[BlackTeam "Krka Novo Mesto"]
[WhiteTeamCountry "SLO"]
[BlackTeamCountry "SLO"]

1. d4 d5 2. c4 c6 3. Nc3 Nf6 4. Bf4 Bf5 5. e3 e6 6. Bd3 Bg6 7. Nf3 Be7 8. 0-0 Nbd7 9. Rc1 Rc8 10. a3 Qa5 11. Re1 Nh5 12. Bg3 0-0 13. e4 Nxg3 14. hxg3 dxc4 15. Bxc4 Nb6 16. Ba2 Rfd8 17. Qe2 Bf6 18. Rcd1 Bh5 19. Qe3 h6 20. Ne2 Rd7 21. Nf4 Bxf3 22. gxf3 Bg5 23. b4 Qb5 24. Rc1 Bxf4 25. gxf4 Rcd8 26. Rc5 Qa4 27. f5 exf5 28. Bb3 f4 29. Qc3 Nd5 30. exd5 Qa6 31. dxc6 bxc6 32. Rxc6 Qb7 33. Re4 Qb5 34. Rxf4 Qg5+ 35. Rg4 Qf5 36. Rc8 h5 37. Rg3 g6 38. Kg2 Qf6 39. Rc6 Qf5 40. Rcxg6+ Kh7 41. Rg7+ Kh8 42. Bc2 Qxf3+ 43. Qxf3 f5 44. Qxh5# 1-0

[Event "SLO-ch U14"]
[Site "Postojna"]
[Date "2008.02.28"]
[Round "7"]
[White "Mejak, Severin"]
[Black "Oklescen, Grega"]
[Result "0-1"]
[WhiteElo "1604"]
[BlackElo "1543"]
[PlyCount "82"]
[EventDate "2008.02.24"]
[EventType "swiss"]
[EventRounds "9"]
[EventCountry "SLO"]
[SourceTitle "EXT 2010"]
[Source "ChessBase"]
[SourceDate "2010.11.25"]
[SourceVersion "1"]
[SourceVersionDate "2010.11.25"]
[SourceQuality "1"]

1. e4 c5 2. c3 d6 3. d4 cxd4 4. cxd4 Nf6 5. Nc3 g6 6. Nf3 Bg7 7. Bg5 Bg4 8. Be2 Nc6 9. 0-0 0-0 10. Rc1 Rc8 11. Qa4 Qb6 12. d5 Bxf3 13. Bxf3 Ne5 14. b4 Nd3 15. Be3 Qxb4 16. Qxb4 Nxb4 17. Bxa7 Nd3 18. Rc2 Nxd5 19. exd5 Rxc3 20. Rxc3 Bxc3 21. Rb1 Nb2 22. Rc1 Ra8 23. Rxc3 Rxa7 24. a3 b5 25. h3 Nc4 26. Rb3 Nxa3 27. Be2 Ra5 28. Kf1 Nc2 29. g3 Nd4 30. Rd3 Nxe2 31. Kxe2 Kf8 32. Ke3 b4 33. Ke4 f5+ 34. Kd4 Ra2 35. f4 Ra3 36. Rxa3 bxa3 37. Kc3 e6 38. dxe6 Ke7 39. Kb3 Kxe6 40. Kxa3 Kd5 41. Kb4 Kd4 0-1

[Event "SLO-ch U14"]
[Site "Postojna"]
[Date "2008.02.26"]
[Round "4"]
[White "Oklescen, Grega"]
[Black "Drnovsek, Gal"]
[Result "0-1"]
[WhiteElo "1543"]
[BlackElo "1636"]
[PlyCount "112"]
[EventDate "2008.02.24"]
[EventType "swiss"]
[EventRounds "9"]
[EventCountry "SLO"]
[SourceTitle "EXT 2010"]
[Source "ChessBase"]
[SourceDate "2010.11.25"]
[SourceVersion "1"]
[SourceVersionDate "2010.11.25"]
[SourceQuality "1"]

1. d4 Nf6 2. c4 e6 3. Nc3 Bb4 4. Bg5 Be7 5. e3 0-0 6. Bd3 d6 7. Nf3 Nbd7 8. Qc2 h6 9. Bh4 c6 10. 0-0 d5 11. Rac1 b6 12. Rfd1 Bb7 13. a3 Ng4 14. Bxe7 Qxe7 15. h3 Ngf6 16. b4 c5 17. dxc5 bxc5 18. b5 dxc4 19. Bxc4 Bxf3 20. gxf3 Ne5 21. Be2 Qb7 22. Ne4 Nxe4 23. Qxe4 Qxe4 24. fxe4 Rfc8 25. Rc3 Rc7 26. f4 Nd7 27. e5 Rac8 28. Bf3 Kf8 29. Bc6 Ke7 30. Rcd3 Nb8 31. Kf2 Nxc6 32. bxc6 Ke8 33. Rd7 Rxc6 34. Rxa7 R6c7 35. Rxc7 Rxc7 36. Rc1 Kd7 37. Ke2 Kc6 38. Rc4 Kb5 39. Kd3 Rd7+ 40. Kc3 Rd1 41. a4+ Kc6 42. Kc2 Rh1 43. Rc3 Rxh3 44. Kb3 Rh1 45. Rd3 h5 46. Rd6+ Kc7 47. a5 Ra1 48. a6 h4 49. Kc4 h3 50. Kb5 h2 51. Rc6+ Kd7 52. Rd6+ Ke7 53. Rc6 h1Q 54. Rc7+ Ke8 55. a7 Qb1+ 56. Kc6 Ra6+ 0-1

[Event "SLO-ch U14"]
[Site "Postojna"]
[Date "2008.02.24"]
[Round "1"]
[White "Tomazini, Zan"]
[Black "Oklescen, Grega"]
[Result "1-0"]
[WhiteElo "2021"]
[BlackElo "1543"]
[PlyCount "57"]
[EventDate "2008.02.24"]
[EventType "swiss"]
[EventRounds "9"]
[EventCountry "SLO"]
[SourceTitle "EXT 2010"]
[Source "ChessBase"]
[SourceDate "2010.11.25"]
[SourceVersion "1"]
[SourceVersionDate "2010.11.25"]
[SourceQuality "1"]

1. e4 c5 2. d4 cxd4 3. c3 dxc3 4. Nxc3 Nc6 5. Nf3 d6 6. Bc4 Bg4 7. Bxf7+ Kd7 8. Qb3 Qc8 9. Bxg8 e6 10. h3 Rxg8 11. hxg4 h6 12. Bf4 Be7 13. 0-0 g5 14. Bg3 Rh8 15. Rfd1 h5 16. Nb5 hxg4 17. Nxg5 Bxg5 18. Nxd6 Qg8 19. Qxb7+ Kd8 20. Nf5+ Ke8 21. Qd7+ Kf8 22. Bd6+ Ne7 23. Bxe7+ Kf7 24. Bxg5+ Kg6 25. Ne7+ Kxg5 26. Nxg8 Rhxg8 27. Qxe6 Raf8 28. Rd5+ Kf4 29. Rf5+ 1-0

[Event "SLO-ch U12"]
[Site "Murska Sobota"]
[Date "2007.03.01"]
[Round "7"]
[White "Abe, Blaz"]
[Black "Oklescen, Grega"]
[Result "1/2-1/2"]
[WhiteElo "1556"]
[BlackElo "1511"]
[PlyCount "53"]
[EventDate "2007.02.25"]
[EventType "swiss"]
[EventRounds "9"]
[EventCountry "SLO"]
[SourceTitle "CBM 117 Extra"]
[Source "ChessBase"]
[SourceDate "2007.05.09"]
[SourceVersion "1"]
[SourceVersionDate "2007.05.09"]
[SourceQuality "1"]

1. e4 e5 2. Nf3 Nc6 3. Bc4 Bc5 4. c3 Nf6 5. d4 exd4 6. cxd4 Bb4+ 7. Nc3 0-0 8. 0-0 Bxc3 9. bxc3 Nxe4 10. Qc2 d5 11. Bd3 f5 12. c4 Nb4 13. Qb3 Nxd3 14. Qxd3 c6 15. Ne5 Be6 16. c5 Qf6 17. f3 Nxc5 18. dxc5 Qxe5 19. Bd2 f4 20. Rfe1 Qf6 21. Bc3 Qf7 22. Qd4 Rfe8 23. Re5 Re7 24. Rae1 Rae8 25. Bd2 Qg6 26. Bxf4 h6 27. Bg3 1/2-1/2

[Event "SLO-ch U12"]
[Site "Murska Sobota"]
[Date "2007.02.28"]
[Round "6"]
[White "Drnovsek, Gal"]
[Black "Oklescen, Grega"]
[Result "1-0"]
[WhiteElo "1617"]
[BlackElo "1511"]
[PlyCount "79"]
[EventDate "2007.02.25"]
[EventType "swiss"]
[EventRounds "9"]
[EventCountry "SLO"]
[SourceTitle "CBM 117 Extra"]
[Source "ChessBase"]
[SourceDate "2007.05.09"]
[SourceVersion "1"]
[SourceVersionDate "2007.05.09"]
[SourceQuality "1"]

1. e4 e5 2. Nf3 Nc6 3. Bc4 Bc5 4. c3 d6 5. d4 exd4 6. cxd4 Bb4+ 7. Nc3 Bg4 8. 0-0 Qf6 9. Nd5 Qd8 10. Nxb4 Nxb4 11. Bxf7+ Kxf7 12. Qb3+ Kf8 13. Qxb4 Qf6 14. Qxb7 Re8 15. e5 Bxf3 16. Qxf3 Qxf3 17. gxf3 dxe5 18. dxe5 Rxe5 19. Be3 a5 20. Rac1 Ne7 21. Rxc7 Rg8 22. Bc5 Kf7 23. Rd1 g5 24. Rdd7 Re8 25. Rxe7+ R8xe7 26. Rxe7+ Rxe7 27. Bxe7 Kxe7 28. Kf1 Ke6 29. b3 Kd5 30. Ke2 Kd4 31. Kd2 h6 32. a3 Kc5 33. Kd3 Kb5 34. Ke4 a4 35. bxa4+ Kxa4 36. Ke5 Kxa3 37. Kf5 Kb3 38. Kg6 Kc4 39. Kxh6 Kd5 40. Kxg5 1-0